000 00892nam0a22002651 4500
001 rc\4037654
005 20250610232017.0
021 _aRU
_b[54-52489]
035 _a(NLR Aleph) 007955455
090 _a8366109
_c8366109
100 _a20130415d1954 |||y0rusy50 ca
101 1 _arus
_cchi
102 _aRU
105 _aa z |||a|
200 1 _aБоевой приказ
_a[Ночной рейд
_aДрузья-товарищи
_eРассказы
_e[Для сред. возраста]
_fПеревод с китайского А.Г. Гатова
_gРис. П. Кирпичева
210 _aМосква
_cДетгиз
_d1954
215 _a87 с.
_cил.
_d23
700 0 _aЛо Дань
702 1 _aКирпичев
_bП.
_4440
702 1 _aГатов
_bА.Г.
_4730
801 0 _aRU
_bNLR
_gpsbo
801 1 _aRU
_bELAR
_2rusmarc
852 _aNLR
_jДл02 Г-6/1268
942 _cBOOK
980 _aNB